Visualizzazione normale
Vista MARC
- Mons. Giuseppe Carata
di Personal Name
Records bibliografici associati: 1
001 - CONTROL NUMBER
- control field: 16861
003 - CONTROL NUMBER IDENTIFIER
- control field: IT-RoPau
005 - DATE AND TIME OF LATEST TRANSACTION
- control field: 20140317154450.0
008 - FIXED-LENGTH DATA ELEMENTS
- fixed length control field: 140317|| aca||aabn | a|a d
040 ## - CATALOGING SOURCE
- Original cataloging agency: IT-RoPau
- Transcribing agency: IT-RoPau
100 ## - HEADING--PERSONAL NAME
- Personal name: Mons. Giuseppe Carata
670 ## - SOURCE DATA FOUND
- Source citation: Work cat.: (IT-RoPau)21605: Mons. Giuseppe Carata, Parola e servizio, 1986